000 00664nam a2200205Ia 4500
003 GCL
008 140319s9999 xx 000 0 ara d
040 _aGCL /
_cGCL
082 0 4 _a212
_bم ك
100 1 _aمحمد فتحى ابوبكر
245 1 0 _aكتاب ادب الدنيا والدين /
_cمحمد فتحى ابوبكر
700 1 _aالمواردى, ابوالحسن على بن محمد
260 _a[S.N] :
_bالدار المصرية اللبنانية ،
_c1991
300 _a508ص
490 _a
650 0 4 _aالاسلام
650 0 4 _aالاخلاق الاسلامية
650 0 4 _aالاداب الاسلامية
942 _2ddc
_cBK
999 _c30286
_d30286